| 000 | 01655nam a2200241Ia 4500 | ||
|---|---|---|---|
| 003 | Ost | ||
| 005 | 20260507075354.0 | ||
| 008 | 260507s9999||||xx |||||||||||||| ||und|| | ||
| 020 | _a1573397797 | ||
| 040 | _cfsecg | ||
| 041 | _aara | ||
| 082 | _a330 | ||
| 100 |
_aالسريتى، السيد محمد أحمد _eمؤلف |
||
| 245 | 0 |
_aدور الزكاة في اعادة توزيع الدخل القومي في ظل الانظمة الإقتصادية العالمية : _bدراسة اقتصادية اسلامية / _c السيد محمد أحمد السريتى |
|
| 260 |
_aالإسكندرية: _bدار التعليم الجامعي, _c2014 |
||
| 300 |
_a486 صفحة؛ _bإيضاحات ؛ _c24 سم |
||
| 504 | _aالمراجع ص.459؛ الملاحق ص.480 | ||
| 520 | _aنمط توزيع الدخل ودور الزكاة في إعادة التوازن- النظام الإقتصادي وفلسفة التوزيع- تقويم أنماط توزيع الدخل في الانظمة الوضعية- مفهوم التوزيع الامثل للدخل من وجهة النظر الإسلامية- امكانيات تطبيق النظام الإقتصادي الأسلامي واحياء وظيفة الزكاة- دور الزكاة في اعادة توزيع الدخل القومي- وصف النمط الراهن لتوزيع الدخل القومي في مصر- محاولة تقدير حصيلة الزكاة ودورها في توزيع الدخل القومي في مصر | ||
| 653 | _aالإقتصاد الإسلامي | ||
| 653 | _aالأنظمة الإقتصادية العالمية | ||
| 653 | _aالزكاة | ||
| 942 | _cكتاب | ||
| 999 |
_c44195 _d44195 |
||